000 01005cam a2200313 i 4500
999 _c1332
_d1332
001 17579704
003 OSt
005 20221228134055.0
008 130104s2013 ilua j b 001 0 eng
010 _a 2012046430
020 _a9781432980733
040 _aDLC
_beng
_cDLC
_erda
_dDLC
_dKH8
042 _apcc
050 0 0 _aGT172
_b.S656 2014
082 0 0 _a392.3 SMI
_223
100 1 _aSmith, Siân.
_eAuthor
245 1 0 _aHomes in the past /
_cSian Smith.
264 1 _aChicago, Illinois :
_bHeinemann Library,
_c[2014]
300 _a24 pages :
_bcolor illustrations ;
_c18 x 21 cm.
336 _atext
_2rdacontent
337 _aunmediated
_2rdamedia
338 _avolume
_2rdacarrier
490 0 _aWhere we live
504 _aIncludes bibliographical references and index.
650 0 _aDwellings
_xHistory
_vJuvenile literature.
906 _a7
_bcbc
_corignew
_d1
_eecip
_f20
_gy-gencatlg
942 _2ddc
_cNFIC